000 01215nam a2200301 i 4500
003 EG-GICUC
005 20260121101207.0
008 251111s1951 ua ||||f |||| 00| 0 ara d
040 _a EG-GICUC
_bara
_c EG-GICUC
_d EG-GICUC
_erda
041 _aara
082 0 4 _221
_a345
_bح س . ص
092 0 4 _221
099 _aLaw1 07 345 ح س . ص 1951
100 0 _aحسنين عبد العال
_eمؤلف.
245 _aصور النشاط الإداري :
_bالضبط الإداري و المرافق العامة , وسائل النشاط الإداري , الأموال العامة و الوظيفة العامة /
_cدكتور حسنين عبد العال
264 _a[مكان النشر غير معروف]
_b[اسم الناشر غير معروف]
_c1951.
300 _a159 صفحة
_c24 سم
336 _2rda content
_atext
337 _2rda media
_aComputer
338 _2rda carrier
_aOnline Resource
500 _aيشتمل علي ارجاعات ببليوجرافية
505 _aالكتاب الثاني
650 1 _aالقانون الإداري
_2qrmak
651 1 _2qrmak
856 4 0 _uhttps://fll.law.cu.edu.eg/fulltext/bks/B07-00426.pdf
905 _a74
942 _2ddc
_n0
_cBK
_e21
999 _c42401
_d42401